[Event "V Festival Terre degli Elimi A"]
[Site "Erice ITA"]
[Date "2014.07.20"]
[Round "2"]
[White "Mantovani, Renzo"]
[Black "Lewyk, Ihor"]
[WhiteElo "2349"]
[BlackElo "2069"]
[Result "1-0"]
[PlyCount "75"]
[EventDate "2014.07.19"]

1. e4 d5 2. Nc3 d4 3. Nce2 c5 4. c3 e5 5. cxd4 cxd4 6. Nf3 Nc6 7. Ng3 Bd6 8.
Bc4 Nf6 9. d3 h6 10. O-O O-O 11. Nh4 Na5 12. Bb5 a6 13. Ba4 b5 14. Bc2 Be6 15.
Nhf5 Rc8 16. Bd2 Nc6 17. Bb3 Qd7 18. Qf3 Be7 19. Nxe7+ Qxe7 20. Nf5 Bxf5 21.
Qxf5 Qd7 22. Qf3 Qd6 23. Rac1 Ne7 24. Qh3 Kh7 25. a3 Nc6 26. Bxf7 Rc7 27. Qf5+
Kh8 28. Qe6 Qxe6 29. Bxe6 Re8 30. Bf5 Ree7 31. f4 Ne8 32. Rc5 Nd8 33. Rxe5 Rxe5
34. fxe5 Rc2 35. Bb4 Nc6 36. Bg6 Nf6 37. exf6 gxf6 38. Bd6 1-0

[Event "V Festival Terre degli Elimi A"]
[Site "Erice ITA"]
[Date "2014.07.20"]
[Round "2"]
[White "Marzaduri, Riccardo"]
[Black "De Wachter, Matthias"]
[WhiteElo "1944"]
[BlackElo "2276"]
[Result "0-1"]
[PlyCount "94"]
[EventDate "2014.07.19"]

1. e4 c6 2. d4 d5 3. Nd2 dxe4 4. Nxe4 Bf5 5. Ng3 Bg6 6. h4 h6 7. Bc4 e6 8. N1e2
Nf6 9. Nf4 Bh7 10. c3 Bd6 11. Ngh5 O-O 12. O-O Nxh5 13. Qxh5 Nd7 14. Re1 Nf6
15. Qf3 Nd5 16. g3 Nxf4 17. Bxf4 Qf6 18. Kg2 Bxf4 19. Qxf4 Qxf4 20. gxf4 Bf5
21. a4 a5 22. Re5 Rfd8 23. Rae1 Kf8 24. Rc5 Rd6 25. Rce5 b6 26. R1e2 Rc8 27.
Ba6 Rc7 28. Bc4 g6 29. Kg3 Kg7 30. Kg2 Kf6 31. Kg3 Rd8 32. Kg2 Rg8 33. R2e3 Bc2
34. b3 Bf5 35. Bd3 Rd7 36. Bxf5 gxf5+ 37. Rg3 Rb8 38. Rge3 b5 39. Rc5 Rd6 40.
Ree5 b4 41. Rxa5 bxc3 42. Rac5 Rxb3 43. Rc4 c2 44. Re3 Rb4 45. Rxc2 Rxa4 46.
Kf3 Rdxd4 47. Rxc6 Rxf4+ 0-1

[Event "V Festival Terre degli Elimi A"]
[Site "Erice ITA"]
[Date "2014.07.20"]
[Round "2"]
[White "Messina, Damiano"]
[Black "Peat, Matthew"]
[WhiteElo "1857"]
[BlackElo "2056"]
[Result "0-1"]
[PlyCount "76"]
[EventDate "2014.07.19"]

1. e4 c6 2. d4 d5 3. Nd2 dxe4 4. Nxe4 Bf5 5. Ng3 Bg6 6. h4 h6 7. h5 Bh7 8. Nf3
Nd7 9. Bd3 Bxd3 10. Qxd3 e6 11. Bf4 Qa5+ 12. Bd2 Bb4 13. c3 Be7 14. a4 Ngf6 15.
b4 Qc7 16. a5 O-O 17. O-O Rad8 18. Rfe1 Rfe8 19. Qe2 Bd6 20. Ne4 Nxh5 21. Nxd6
Qxd6 22. Ne5 Nxe5 23. Qxh5 Nc4 24. Be3 e5 25. Rad1 e4 26. Qg4 Qe6 27. Qg3 Rd5
28. Bc1 f5 29. Re2 Rd7 30. Rde1 Kh8 31. f3 Qd5 32. Qh4 Rde7 33. g4 e3 34. gxf5
Qxf5 35. Qg3 Nd2 36. f4 Nc4 37. Bxe3 Qd3 38. Kf2 Qxc3 0-1

[Event "V Festival Terre degli Elimi A"]
[Site "Erice ITA"]
[Date "2014.07.20"]
[Round "2"]
[White "Mollema, Thomas"]
[Black "Iannello, Antonio"]
[WhiteElo "2076"]
[BlackElo "1933"]
[Result "1-0"]
[PlyCount "74"]
[EventDate "2014.07.19"]

1. e4 c5 2. c3 g6 3. d4 cxd4 4. cxd4 d5 5. e5 Bg7 6. Nc3 Nc6 7. Be2 Nh6 8. g4
f6 9. f4 fxe5 10. fxe5 O-O 11. h3 a6 12. Nf3 b5 13. Be3 Nf7 14. Qd2 Bb7 15. h4
Nfxe5 16. Ng5 Qd7 17. dxe5 d4 18. Rf1 Rxf1+ 19. Bxf1 Qxg4 20. Bh3 Qxh4+ 21. Bf2
Qh5 22. Be6+ Kh8 23. Nf7+ Kg8 24. Ne2 Qh1+ 25. Ng1 Qe4+ 26. Kf1 Kf8 27. Re1 Qh1
28. Qf4 Ke8 29. Nd6+ Kd8 30. Nxb7+ Kc7 31. Nc5 Rf8 32. Bf7 Bh6 33. Ne6+ Kb8 34.
Qf3 Qxf3 35. Nxf3 Rxf7 36. Nfxd4 Nxd4 37. Nxd4 Bg7 1-0

[Event "V Festival Terre degli Elimi A"]
[Site "Erice ITA"]
[Date "2014.07.20"]
[Round "2"]
[White "Pisacane, Pietro"]
[Black "Bertino, Giacomo"]
[WhiteElo "2058"]
[BlackElo "1918"]
[Result "1/2-1/2"]
[PlyCount "172"]
[EventDate "2014.07.19"]

1. d4 d5 2. c4 e6 3. Nf3 Nf6 4. g3 dxc4 5. Qa4+ Bd7 6. Qxc4 Bc6 7. Bg2 Nbd7 8.
O-O Bd5 9. Qd3 Be4 10. Qb3 Bd5 11. Qd3 Be4 12. Qd1 c5 13. Nc3 Bc6 14. Re1 cxd4
15. Nxd4 Bxg2 16. Kxg2 Bc5 17. Nb3 Be7 18. e4 Ne5 19. Qe2 Qd3 20. Be3 O-O 21.
f4 Qxe2+ 22. Rxe2 Nc4 23. Bd4 Rfd8 24. Rc1 a6 25. a4 Rac8 26. e5 Nd5 27. Nxd5
Rxd5 28. Bf2 b5 29. Na5 Bb4 30. Nxc4 Rxc4 31. Rxc4 bxc4 32. Re4 h5 33. Rxc4 a5
34. Bd4 Kh7 35. Kf3 Kg6 36. h3 Rd7 37. Ke4 f5+ 38. exf6 gxf6 39. g4 hxg4 40.
hxg4 Kf7 41. Rc6 Rb7 42. Rb6 Rd7 43. Rb5 Rc7 44. Kd3 Rd7 45. Kc4 Rc7+ 46. Kb3
Rd7 47. Bc3 Bd6 48. f5 e5 49. Bxa5 e4 50. Bb6 Bg3 51. Rc5 Bf2 52. Rc6 Bxb6 53.
Rxb6 e3 54. Re6 Rb7+ 55. Kc3 Rc7+ 56. Kd3 Rb7 57. Kxe3 Rxb2 58. a5 Ra2 59. a6
Ra4 60. Kf3 Kg7 61. Rb6 Ra3+ 62. Kf4 Ra4+ 63. Kg3 Ra3+ 64. Kh4 Ra1 65. Rb7+ Kh6
66. a7 Rxa7 67. Rb6 Kg7 68. Kh5 Rc7 69. Rb8 Ra7 70. Rb6 Rc7 71. g5 fxg5 72.
Kxg5 Ra7 73. Rg6+ Kf7 74. Rh6 Ra5 75. Rh7+ Kg8 76. Re7 Kf8 77. Re6 Kf7 78. Rb6
Ra7 79. Rc6 Rb7 80. Ra6 Kg7 81. Rh6 Rb5 82. Rg6+ Kf7 83. Rc6 Rb7 84. Kh6 Rb1
85. Rc7+ Kf6 86. Rc6+ Kxf5 1/2-1/2

[Event "V Festival Terre degli Elimi A"]
[Site "Erice ITA"]
[Date "2014.07.20"]
[Round "2"]
[White "Sadzikowski, Daniel"]
[Black "Bondielli, Giorgio"]
[WhiteElo "2481"]
[BlackElo "1820"]
[Result "1-0"]
[PlyCount "39"]
[EventDate "2014.07.19"]

1. d4 f5 2. g3 Nf6 3. Bg2 g6 4. Nh3 c6 5. Nf4 Bg7 6. c4 O-O 7. h4 Qe8 8. h5 g5
9. h6 Bh8 10. Nh3 g4 11. Nf4 d6 12. d5 c5 13. Nc3 Na6 14. Ne6 Bxe6 15. dxe6 Rb8
16. e4 Qg6 17. Rh4 Nc7 18. Nd5 Ncxd5 19. cxd5 fxe4 20. Qe2 1-0

[Event "V Festival Terre degli Elimi A"]
[Site "Erice ITA"]
[Date "2014.07.20"]
[Round "2"]
[White "Sardo, Gabriele"]
[Black "Maiorov, Nikita"]
[WhiteElo "2253"]
[BlackElo "2531"]
[Result "0-1"]
[PlyCount "52"]
[EventDate "2014.07.19"]

1. d4 Nf6 2. c4 e6 3. Nf3 b6 4. g3 Bb7 5. Bg2 Bb4+ 6. Bd2 a5 7. O-O O-O 8. Nc3
d6 9. b3 Nbd7 10. a3 Bxc3 11. Bxc3 Be4 12. Re1 a4 13. b4 b5 14. c5 Nd5 15. Bb2
f5 16. Bh3 Qf6 17. Nd2 Qh6 18. Bf1 Ne3 19. Qc1 Nxf1 20. Rxf1 Bd5 21. e3 Nf6 22.
Qd1 Ng4 23. h4 g5 24. e4 gxh4 25. Kg2 hxg3 26. Rh1 Qf4 0-1

[Event "V Festival Terre degli Elimi A"]
[Site "Erice ITA"]
[Date "2014.07.20"]
[Round "2"]
[White "Valguarnera, Girolamo"]
[Black "Savalla, Pietro"]
[WhiteElo "2090"]
[BlackElo "1894"]
[Result "1-0"]
[PlyCount "189"]
[EventDate "2014.07.19"]

1. e4 e5 2. Nf3 d6 3. d4 exd4 4. Nxd4 Nf6 5. Nc3 Be7 6. Be2 O-O 7. O-O c5 8.
Nb3 Nc6 9. f4 Be6 10. Bf3 a5 11. Be3 Qb6 12. Nd5 Bxd5 13. exd5 Nb4 14. a4 Nd7
15. c3 Na6 16. Qc2 f5 17. Rae1 Qd8 18. g4 Nc7 19. c4 Na6 20. g5 g6 21. Re2 Re8
22. Rfe1 Bf8 23. Bf2 Rxe2 24. Qxe2 Nc7 25. Nc1 Qe8 26. Qc2 Qf7 27. Qb3 b6 28.
Kg2 Re8 29. Rh1 Bg7 30. Ne2 Qe7 31. h4 Qf7 32. h5 Qe7 33. hxg6 hxg6 34. Re1 Qf7
35. Rd1 Qe7 36. Nc3 Qd8 37. Rd2 Re7 38. Ne2 Re8 39. Ng3 Re7 40. Qc2 Qf8 41. Qb1
Re8 42. Qh1 Qf7 43. Qh3 Bh8 44. Ne2 Qh7 45. Qg3 Qe7 46. b3 Bg7 47. Rd1 Kf7 48.
Re1 Qd8 49. Rc1 Rh8 50. Nc3 Re8 51. Ne2 Rh8 52. Be1 Qe7 53. Bd2 Qd8 54. Re1 Re8
55. Qf2 Nb8 56. Rc1 Nd7 57. Qf1 Qe7 58. Ng3 Kg8 59. Qh1 Qf7 60. Qh3 Nf8 61. Bd1
Bh8 62. Bc3 Qh7 63. Qxh7+ Kxh7 64. Bxh8 Kxh8 65. Kf2 Kg7 66. Bc2 Nd7 67. Bxf5
gxf5 68. Nxf5+ Kg6 69. Nxd6 Rf8 70. Kg3 Ne8 71. Nc8 Ng7 72. Ne7+ Kf7 73. Nc6
Nf5+ 74. Kg4 Ne3+ 75. Kf3 Nf5 76. Rh1 Kg7 77. Re1 Kf7 78. Kg4 Kg6 79. Ne7+ Nxe7
80. Rxe7 Rf7 81. Re6+ Kg7 82. f5 Kf8 83. f6 Kg8 84. Kf5 Rh7 85. Re8+ Nf8 86. g6
Rh1 87. g7 Rf1+ 88. Kg5 Rg1+ 89. Kh4 Rh1+ 90. Kg3 Rg1+ 91. Kf2 Rxg7 92. fxg7
Kxg7 93. Re7+ Kf6 94. Rb7 Ke5 95. Ke3 1-0

[Event "V Festival Terre degli Elimi A"]
[Site "Erice ITA"]
[Date "2014.07.20"]
[Round "2"]
[White "Van Der Eijk, Martijn"]
[Black "Amato, Andrea"]
[WhiteElo "2198"]
[BlackElo "2350"]
[Result "1-0"]
[PlyCount "129"]
[EventDate "2014.07.19"]

1. c4 c5 2. Nf3 Nc6 3. d4 cxd4 4. Nxd4 e6 5. a3 Nf6 6. Nc3 d6 7. e4 Be7 8. Be3
Nxd4 9. Qxd4 Bd7 10. Be2 Bc6 11. O-O O-O 12. Rac1 Qb8 13. b4 b6 14. f4 Nd7 15.
Bf3 a5 16. b5 Bb7 17. Na4 Bd8 18. Rcd1 Nc5 19. Nxc5 dxc5 20. Qc3 Bc7 21. Rd7
Bc8 22. Rd3 Bb7 23. g3 Ra7 24. Bc1 Rd8 25. Bb2 f6 26. Bg4 Bxe4 27. Bxe6+ Kf8
28. Re3 Bg6 29. f5 Bf7 30. Qe1 Bd6 31. Qe2 Re7 32. Qg4 Bc7 33. Bc3 Rd6 34. Qh4
Bxe6 35. fxe6 Rdxe6 36. Bxf6 Rxe3 37. Bxe7+ Kg8 38. Rf8+ Qxf8 39. Bxf8 Kxf8 40.
Qxh7 Re7 41. Qh8+ Kf7 42. Kg2 Be5 43. Qd8 Bc7 44. Qd5+ Kf6 45. g4 Be5 46. Qf3+
Ke6 47. Qc6+ Kf7 48. Qxb6 Bd4 49. Qxa5 Re2+ 50. Kf1 Rb2 51. Qc7+ Kf6 52. Qf4+
Ke6 53. Qf5+ Kd6 54. Qd5+ Ke7 55. h4 Rf2+ 56. Ke1 Rb2 57. h5 Bc3+ 58. Kd1 Bd4
59. g5 Rb1+ 60. Kc2 Rb2+ 61. Kc1 Ra2 62. h6 Ra1+ 63. Kc2 Ra2+ 64. Kb3 gxh6 65.
Kxa2 1-0

[Event "V Festival Terre degli Elimi A"]
[Site "Erice ITA"]
[Date "2014.07.20"]
[Round "2"]
[White "Vanparys, Philip"]
[Black "Aleksic, Nenad"]
[WhiteElo "2141"]
[BlackElo "2348"]
[Result "0-1"]
[PlyCount "38"]
[EventDate "2014.07.19"]

1. c4 b6 2. d4 e6 3. Nc3 Bb4 4. Nf3 Nf6 5. g3 Bb7 6. Bg2 O-O 7. O-O Bxc3 8.
bxc3 d6 9. Qa4 Nbd7 10. Rd1 Qe7 11. Ne5 Bxg2 12. Nxd7 Nxd7 13. Kxg2 e5 14. Qc6
Rac8 15. e3 Rfe8 16. Ba3 Nb8 17. Qb7 c5 18. Qxe7 Rxe7 19. d5 e4 0-1

[Event "V Festival Terre degli Elimi A"]
[Site "Erice ITA"]
[Date "2014.07.20"]
[Round "2"]
[White "Violi, Vincenzo"]
[Black "Volkers, Annemarie"]
[WhiteElo "1839"]
[BlackElo "2019"]
[Result "0-1"]
[PlyCount "56"]
[EventDate "2014.07.19"]

1. e4 c5 2. Nf3 Nc6 3. d4 cxd4 4. Nxd4 e6 5. Nc3 Qc7 6. g3 a6 7. Bg2 Nf6 8. O-O
d6 9. Re1 Bd7 10. Nxc6 Bxc6 11. Nd5 Qd8 12. Be3 Nd7 13. Qd2 h6 14. f4 Nc5 15.
Qf2 Bb5 16. Nc3 Bc6 17. Rad1 Qa5 18. Nd5 Nd7 19. b4 Qd8 20. c4 Ba4 21. Nb6 Nxb6
22. Bxb6 Qc8 23. e5 Bxd1 24. Rxd1 Qxc4 25. exd6 Kd7 26. Bxb7 Rb8 27. Qf3 Qb5
28. Rc1 Qxb6+ 0-1

[Event "V Festival Terre degli Elimi A"]
[Site "Erice ITA"]
[Date "2014.07.21"]
[Round "3"]
[White "Aleksic, Nenad"]
[Black "Manakova, Maria"]
[WhiteElo "2348"]
[BlackElo "2273"]
[Result "0-1"]
[PlyCount "52"]
[EventDate "2014.07.19"]

1. e4 e6 2. d4 d5 3. Nc3 Nf6 4. e5 Nfd7 5. Nf3 c5 6. dxc5 Nc6 7. Bf4 Be7 8. Qd2
Nxc5 9. O-O-O a6 10. Kb1 O-O 11. h4 b5 12. Qe3 b4 13. Ne2 Na4 14. b3 Nc5 15.
Ng3 a5 16. Bb5 Bd7 17. Bxc6 Bxc6 18. Bg5 a4 19. Bxe7 Qxe7 20. Qg5 Qa7 21. Nh5
f6 22. exf6 axb3 23. Qxg7+ Qxg7 24. fxg7 bxc2+ 25. Kxc2 Rxa2+ 26. Kb1 Rfa8 0-1

[Event "V Festival Terre degli Elimi A"]
[Site "Erice ITA"]
[Date "2014.07.21"]
[Round "3"]
[White "Amato, Andrea"]
[Black "Bifulco, Michel"]
[WhiteElo "2350"]
[BlackElo "2084"]
[Result "1-0"]
[PlyCount "95"]
[EventDate "2014.07.19"]

1. Nf3 g6 2. e4 Bg7 3. d4 c6 4. Nc3 d5 5. Bf4 Bg4 6. h3 Bxf3 7. Qxf3 dxe4 8.
Nxe4 Nf6 9. Nxf6+ Bxf6 10. O-O-O Qd5 11. Qg3 Nd7 12. c4 Qa5 13. Kb1 O-O 14. Be2
c5 15. Bc7 Nb6 16. d5 Qb4 17. Be5 Nxc4 18. Bxc4 Qxc4 19. Rhe1 Qh4 20. Qf3 Bxe5
21. Rxe5 b6 22. g3 Qf6 23. Qe3 Rfe8 24. d6 e6 25. g4 Rad8 26. g5 Qg7 27. Qe4
Rd7 28. Red5 Red8 29. R5d3 h5 30. f4 Qf8 31. Qe5 Qg7 32. Kc2 Qxe5 33. fxe5 Kf8
34. a4 a5 35. Kc3 Ke8 36. Kc4 Rb7 37. Kb5 Kd7 38. Rf1 Kc8 39. Kc6 c4 40. Rdf3
Rdd7 41. Rc1 Kb8 42. Rxc4 b5 43. axb5 Rd8 44. b6 Rc8+ 45. Kb5 Rxc4 46. Kxc4
Rxb6 47. Rxf7 Rxb2 48. Rf8+ 1-0

[Event "V Festival Terre degli Elimi A"]
[Site "Erice ITA"]
[Date "2014.07.21"]
[Round "3"]
[White "Aranaz Murillo, Amalia"]
[Black "Burg, Twan"]
[WhiteElo "2298"]
[BlackElo "2508"]
[Result "1/2-1/2"]
[PlyCount "70"]
[EventDate "2014.07.19"]

1. Nf3 d5 2. g3 Bg4 3. Bg2 Nd7 4. c4 e6 5. Nc3 Ngf6 6. O-O c6 7. cxd5 exd5 8.
d3 Bd6 9. h3 Bh5 10. g4 Bg6 11. e4 O-O 12. exd5 Nxd5 13. Nxd5 cxd5 14. Be3 Re8
15. Qb3 Nc5 16. Qxd5 Nxd3 17. Rfd1 Bc7 18. Qb3 Qd6 19. Bd4 Nf4 20. Be5 Qc5 21.
Bxf4 Bxf4 22. Rd5 Qc7 23. Nd4 Bc1 24. Bf3 Rad8 25. Rxd8 Rxd8 26. Ne2 Bg5 27.
Rd1 Rxd1+ 28. Qxd1 h6 29. Qd5 Bf6 30. b3 Bb1 31. a4 Bc2 32. Be4 Bxe4 33. Qxe4
Qd7 34. Qc4 a6 35. Nf4 Bd8 1/2-1/2

[Event "V Festival Terre degli Elimi A"]
[Site "Erice ITA"]
[Date "2014.07.21"]
[Round "3"]
[White "Bertino, Giacomo"]
[Black "Gueci, Laura"]
[WhiteElo "1918"]
[BlackElo "1968"]
[Result "1/2-1/2"]
[PlyCount "104"]
[EventDate "2014.07.19"]

1. c4 c5 2. g3 Nc6 3. Nc3 g6 4. Bg2 Bg7 5. e4 d6 6. Nge2 e6 7. O-O Nge7 8. Rb1
O-O 9. a3 Rb8 10. d3 b6 11. Be3 Nd4 12. b4 Bb7 13. Qd2 Qd7 14. b5 d5 15. Rfd1
Rfd8 16. Bg5 Nxe2+ 17. Nxe2 dxc4 18. dxc4 Qxd2 19. Bxd2 Rd7 20. Bg5 Rbd8 21.
Rxd7 Rxd7 22. Bxe7 Rxe7 23. Rd1 Bb2 24. a4 e5 25. Kf1 Bd4 26. g4 Bc8 27. f3 Be6
28. Nxd4 cxd4 29. Ke1 Bxc4 30. f4 Bb3 31. Rd2 f6 32. Rb2 Bc4 33. Rc2 Bb3 34.
Rb2 Bxa4 35. Kd2 Rc7 36. fxe5 fxe5 37. Bf1 Kg7 38. Bd3 Rc3 39. Ra2 Rxd3+ 40.
Kxd3 Bxb5+ 41. Kd2 a6 42. g5 Bc4 43. Ra4 Bb5 44. Ra3 h6 45. h4 hxg5 46. hxg5
Bc6 47. Rxa6 Bxe4 48. Rxb6 Bf5 49. Rb5 e4 50. Rb4 d3 51. Rb7+ Kf8 52. Ke3 Ke8
1/2-1/2

[Event "V Festival Terre degli Elimi A"]
[Site "Erice ITA"]
[Date "2014.07.21"]
[Round "3"]
[White "Bijlsma, Nick"]
[Black "Blom, Martijn"]
[WhiteElo "2210"]
[BlackElo "2020"]
[Result "1-0"]
[PlyCount "65"]
[EventDate "2014.07.19"]

1. e4 e6 2. d4 d5 3. Nd2 Nf6 4. e5 Nfd7 5. f4 c5 6. c3 Nc6 7. Ndf3 cxd4 8. cxd4
a5 9. Bd3 a4 10. a3 Nb6 11. Ne2 Na5 12. Rb1 Bd7 13. O-O Nb3 14. Be3 Bc6 15. f5
exf5 16. Bxf5 Nc4 17. Bf4 Be7 18. e6 f6 19. Qd3 Qa5 20. Bxh7 O-O-O 21. Bg6 Qb6
22. Nc3 Bb5 23. Nxb5 Qxb5 24. Rf2 Qa6 25. g3 Nd6 26. Rc2+ Kb8 27. Qe3 Rc8 28.
Rc5 Ka8 29. Rxd5 Nc4 30. Qe2 Rc6 31. Re1 Nb6 32. Qxa6+ bxa6 33. Rd7 1-0

[Event "V Festival Terre degli Elimi A"]
[Site "Erice ITA"]
[Date "2014.07.21"]
[Round "3"]
[White "Bondielli, Giorgio"]
[Black "Corsino, Gianluca"]
[WhiteElo "1820"]
[BlackElo "2110"]
[Result "0-1"]
[PlyCount "36"]
[EventDate "2014.07.19"]

1. e4 c5 2. d4 cxd4 3. c3 d5 4. exd5 Qxd5 5. Nf3 Nc6 6. Be2 e5 7. O-O Nf6 8.
Re1 Be7 9. cxd4 exd4 10. Ng5 O-O 11. Bf3 Qd8 12. Nd2 Nd5 13. Nge4 Ndb4 14. Nb3
d3 15. Re3 Ne5 16. Nec5 Nxf3+ 17. Qxf3 Bxc5 18. Nxc5 d2 0-1

[Event "V Festival Terre degli Elimi A"]
[Site "Erice ITA"]
[Date "2014.07.21"]
[Round "3"]
[White "Burg, Brent"]
[Black "Guccione, Cristoforo"]
[WhiteElo "2220"]
[BlackElo "1835"]
[Result "1-0"]
[PlyCount "39"]
[EventDate "2014.07.19"]

1. e4 d5 2. exd5 Nf6 3. Nf3 Qxd5 4. Nc3 Qh5 5. d4 Bg4 6. Bf4 Bxf3 7. gxf3 c6 8.
Rg1 Nbd7 9. Rg5 Qh4 10. Qd2 h6 11. Ra5 g5 12. Bg3 Qh5 13. O-O-O e6 14. d5 exd5
15. Qe3+ Kd8 16. Rxa7 Rxa7 17. Qxa7 Nc5 18. Qb8+ Kd7 19. Qc7+ Ke6 20. Qe5+ 1-0

[Event "V Festival Terre degli Elimi A"]
[Site "Erice ITA"]
[Date "2014.07.21"]
[Round "3"]
[White "De Coninck, Rafael"]
[Black "Campo, Renato"]
[WhiteElo "2133"]
[BlackElo "1992"]
[Result "1-0"]
[PlyCount "45"]
[EventDate "2014.07.19"]

1. d4 g6 2. Nf3 Bg7 3. c4 d6 4. Nc3 Nd7 5. e3 e5 6. Qc2 Ne7 7. b3 Nf5 8. dxe5
Nxe5 9. Nxe5 Bxe5 10. Bb2 Bd7 11. O-O-O O-O 12. g4 Nh4 13. f4 Bg7 14. Rg1 Bc6
15. Qf2 a5 16. Bd3 a4 17. g5 Nf5 18. Bxf5 gxf5 19. Qh4 axb3 20. axb3 Qe7 21.
Rg3 f6 22. Nd5 Bxd5 23. gxf6 1-0

[Event "V Festival Terre degli Elimi A"]
[Site "Erice ITA"]
[Date "2014.07.21"]
[Round "3"]
[White "De Wachter, Matthias"]
[Black "Van Der Eijk, Martijn"]
[WhiteElo "2276"]
[BlackElo "2198"]
[Result "1/2-1/2"]
[PlyCount "64"]
[EventDate "2014.07.19"]

1. d4 d6 2. c4 e5 3. d5 g6 4. e4 Nd7 5. Nc3 a5 6. Be3 Be7 7. Nf3 b6 8. Be2 Nc5
9. h3 Nf6 10. Nd2 Nfd7 11. Qc2 Bg5 12. Bxg5 Qxg5 13. h4 Qe7 14. h5 O-O 15.
O-O-O Nf6 16. Nf1 Ng4 17. Bxg4 Bxg4 18. f3 Qg5+ 19. Qd2 Qxd2+ 20. Kxd2 Bd7 21.
g4 f5 22. hxg6 fxg4 23. Rxh7 Rxf3 24. Ne3 Rh3 25. Rg1 Rxh7 26. gxh7+ Kxh7 27.
Nxg4 Rf8 28. Ke3 Bxg4 29. Rxg4 Rf1 30. Rg2 Rh1 31. Rf2 Rg1 32. Rf7+ Rg7 1/2-1/2

[Event "V Festival Terre degli Elimi A"]
[Site "Erice ITA"]
[Date "2014.07.21"]
[Round "3"]
[White "De Wit, Tex"]
[Black "Iordachescu, Viorel"]
[WhiteElo "2330"]
[BlackElo "2593"]
[Result "0-1"]
[PlyCount "74"]
[EventDate "2014.07.19"]

1. c4 e5 2. Nc3 d6 3. Nf3 f5 4. d4 e4 5. Ng5 c6 6. Nh3 Nf6 7. e3 g6 8. Be2 Na6
9. Nf4 Nc7 10. d5 Nd7 11. g4 Ne5 12. h4 Bg7 13. Bd2 Bd7 14. Qc2 cxd5 15. cxd5
O-O 16. Qb3 Na6 17. Ne6 Bxe6 18. dxe6 Kh8 19. Nd5 Qc8 20. e7 Re8 21. Bc3 Nc5
22. Qa3 fxg4 23. h5 Ncd3+ 24. Bxd3 Nxd3+ 25. Ke2 Qf5 26. Bxg7+ Kxg7 27. Qc3+
Kf7 28. hxg6+ Kxg6 29. Rh2 Rac8 30. Nc7 Rxe7 31. Rah1 Rcxc7 32. Rh6+ Kf7 33.
Rxh7+ Ke8 34. Rxe7+ Rxe7 35. Rh8+ Kf7 36. f4 gxf3+ 37. Kf1 Ne5 0-1

[Event "V Festival Terre degli Elimi A"]
[Site "Erice ITA"]
[Date "2014.07.21"]
[Round "3"]
[White "Di Misa, Salvatore"]
[Black "Messina, Damiano"]
[WhiteElo "1962"]
[BlackElo "1857"]
[Result "1-0"]
[PlyCount "61"]
[EventDate "2014.07.19"]

1. Nf3 Nf6 2. c4 c6 3. Nc3 d5 4. e3 Bf5 5. Qb3 b6 6. cxd5 Nxd5 7. Nxd5 cxd5 8.
Bb5+ Bd7 9. Qxd5 Bxb5 10. Qxb5+ Qd7 11. Qxd7+ Nxd7 12. d4 e6 13. Bd2 Nf6 14.
Rc1 Bd6 15. Ke2 Kd7 16. Kd3 Rac8 17. h3 Nd5 18. a3 f6 19. g3 Rc7 20. Rxc7+ Nxc7
21. e4 Rc8 22. Rc1 a6 23. a4 h5 24. Be3 Rb8 25. Bf4 Bxf4 26. gxf4 Kd6 27. Nd2
Kd7 28. b4 f5 29. f3 Ne8 30. Nc4 Ke7 31. Ne5 1-0

[Event "V Festival Terre degli Elimi A"]
[Site "Erice ITA"]
[Date "2014.07.21"]
[Round "3"]
[White "Ferro, Mario"]
[Black "Mollema, Thomas"]
[WhiteElo "2242"]
[BlackElo "2076"]
[Result "1-0"]
[PlyCount "75"]
[EventDate "2014.07.19"]

1. Nf3 f5 2. d3 d6 3. e4 e5 4. Nc3 Nf6 5. exf5 Bxf5 6. d4 e4 7. Nh4 Bg4 8. Be2
Bxe2 9. Qxe2 d5 10. Bg5 Bb4 11. Qb5+ Nc6 12. Qxb7 Nxd4 13. O-O-O Bxc3 14. bxc3
Rb8 15. Bxf6 gxf6 16. Qa6 Nb5 17. Qc6+ Qd7 18. Qxf6 Rf8 19. Qe5+ Qe7 20. Rxd5
Na3 21. Qh5+ Rf7 22. Re5 Rb1+ 23. Kd2 Nc4+ 24. Ke2 Nxe5 25. Rxb1 Qc5 26. Nf5
Qxc3 27. Ne3 Nc6 28. Kf1 Qd2 29. Qe2 Qd6 30. Qc4 Kf8 31. Rd1 Qf4 32. Qc5+ Kg7
33. Nd5 Qg4 34. Nc3 Qf4 35. Ne2 Qf6 36. Ng3 Qg6 37. Re1 Rf4 38. Nh5+ 1-0

[Event "V Festival Terre degli Elimi A"]
[Site "Erice ITA"]
[Date "2014.07.21"]
[Round "3"]
[White "Friesen, Boris"]
[Black "Adrian, Claude"]
[WhiteElo "2076"]
[BlackElo "2236"]
[Result "0-1"]
[PlyCount "104"]
[EventDate "2014.07.19"]

1. e4 c5 2. Nf3 Nc6 3. c3 Nf6 4. e5 Nd5 5. Bc4 Nb6 6. Bb3 g6 7. O-O Bg7 8. d4
cxd4 9. cxd4 O-O 10. Nc3 d6 11. Be3 Na5 12. Qe2 Bg4 13. exd6 Qxd6 14. Rae1 Nxb3
15. axb3 Rac8 16. h3 Be6 17. Ne4 Qb4 18. Bd2 Qxb3 19. Nc5 Qd5 20. Ra1 a6 21.
Rfe1 Bf6 22. Nxe6 fxe6 23. Bc3 Rc6 24. Ra5 Qc4 25. Raa1 Qxe2 26. Rxe2 Nd5 27.
Ba5 Rfc8 28. Rae1 Kf7 29. Kf1 b6 30. Bd2 a5 31. Be3 b5 32. Nd2 Nxe3+ 33. fxe3
Bh4 34. Nf3 Bg3 35. Rd1 Rc1 36. Red2 Rxd1+ 37. Rxd1 Rc2 38. Rd2 Rxd2 39. Nxd2
Bd6 40. Ke2 Ke8 41. Kd3 Kd7 42. e4 Kc6 43. Nf3 Bf4 44. Kc3 e5 45. dxe5 Kc5 46.
e6 Bg3 47. Kd3 a4 48. Nd2 Be5 49. Nf3 Bxb2 50. Ng5 b4 51. Kc2 Bd4 52. Nxh7 b3+
0-1

[Event "V Festival Terre degli Elimi A"]
[Site "Erice ITA"]
[Date "2014.07.21"]
[Round "3"]
[White "Gelardi, Davide"]
[Black "Iannello, Andrea"]
[WhiteElo "1851"]
[BlackElo "1924"]
[Result "1/2-1/2"]
[PlyCount "39"]
[EventDate "2014.07.19"]

1. b4 a5 2. b5 Nf6 3. Nf3 g6 4. Bb2 Bg7 5. e4 d6 6. Bc4 O-O 7. d3 Nbd7 8. a4 c6
9. Nbd2 Qb6 10. Rb1 Qc7 11. O-O e5 12. Re1 Nc5 13. b6 Qd8 14. c3 Re8 15. Ba3
Ne6 16. Qb3 Kh8 17. d4 exd4 18. cxd4 d5 19. exd5 Nxd5 20. Ne5 1/2-1/2

[Event "V Festival Terre degli Elimi A"]
[Site "Erice ITA"]
[Date "2014.07.21"]
[Round "3"]
[White "Gueci, Tea"]
[Black "Sardo, Gabriele"]
[WhiteElo "2089"]
[BlackElo "2253"]
[Result "1-0"]
[PlyCount "101"]
[EventDate "2014.07.19"]

1. e4 c5 2. Nf3 e6 3. d4 cxd4 4. Nxd4 Nc6 5. Nc3 Qc7 6. Be3 a6 7. Qd2 Nf6 8.
O-O-O Bb4 9. f3 Ne7 10. Nde2 b5 11. g4 d5 12. e5 Nd7 13. f4 Nc5 14. Qe1 Bb7 15.
Nd4 Qa5 16. f5 Na4 17. Bd2 Nxc3 18. Bxc3 Bxc3 19. Qxc3 Qxc3 20. bxc3 Kd7 21.
Bh3 Nc6 22. g5 Nxd4 23. cxd4 exf5 24. Bxf5+ Ke7 25. h4 Bc8 26. Bd3 Bg4 27. Rdf1
Bh5 28. Rf4 Rac8 29. Rhf1 Rhf8 30. Bxh7 g6 31. Rf6 Bg4 32. R1f2 a5 33. Kb2 b4
34. e6 Bxe6 35. Re2 Rc6 36. h5 gxh5 37. Rh6 Kd7 38. Bd3 Rb8 39. Rf2 Ke7 40.
Rxh5 Rg8 41. g6 fxg6 42. Rh7+ Kd6 43. Rf6 Re8 44. Bb5 Rc7 45. Rh6 Rb7 46. Bd3
Rf7 47. Rfxg6 Rfe7 48. Bf5 Kd7 49. Rxe6 Rxe6 50. Rxe6 Rxe6 51. Kb3 1-0

[Event "V Festival Terre degli Elimi A"]
[Site "Erice ITA"]
[Date "2014.07.21"]
[Round "3"]
[White "Hickman, John E."]
[Black "Marzaduri, Riccardo"]
[WhiteElo "1977"]
[BlackElo "1944"]
[Result "1/2-1/2"]
[PlyCount "25"]
[EventDate "2014.07.19"]

1. Nf3 d5 2. g3 Nf6 3. Bg2 h6 4. O-O Bf5 5. d3 c6 6. Nbd2 e6 7. Qe1 Be7 8. b3
Bh7 9. Bb2 O-O 10. e4 Re8 11. Ne5 a5 12. a3 Qb6 13. Rb1 1/2-1/2

[Event "V Festival Terre degli Elimi A"]
[Site "Erice ITA"]
[Date "2014.07.21"]
[Round "3"]
[White "Iannello, Antonio"]
[Black "Violi, Vincenzo"]
[WhiteElo "1933"]
[BlackElo "1839"]
[Result "1/2-1/2"]
[PlyCount "35"]
[EventDate "2014.07.19"]

1. e4 c5 2. Nf3 d6 3. d4 cxd4 4. Nxd4 Nf6 5. f3 a6 6. c4 Nc6 7. Be3 g6 8. Nc3
Bg7 9. Qd2 O-O 10. Be2 Bd7 11. O-O Rc8 12. Rac1 Re8 13. Rfd1 Qa5 14. Bf1 Nxd4
15. Bxd4 Bc6 16. Qf2 Nd7 17. Be3 Nc5 18. Nd5 1/2-1/2